| 000 | 00406 a2200169 4500 | ||
|---|---|---|---|
| 001 | 49867 | ||
| 020 | _a9788532235916 | ||
| 040 | _cAnchieta - Bela Vista | ||
| 100 | _aTexeira,Martins Rodrigues | ||
| 240 | 1 | 0 |
_aMatemática em mil e uma histórias _lpor |
| 245 | 1 | 0 | _aMatemática em mil e uma histórias |
| 300 | _a31 | ||
| 362 | 0 | _a2010 | |
| 440 | 1 | _aFTD | |
| 650 | 4 | _aLiteratura juvenil | |
| 942 | _cBK | ||
| 999 |
_c49867 _d49867 |
||